Yo nací así / (Record no. 40966)

MARC details
000 -LEADER
campo de control de longitud fija 00616nam a2200181 i 4500
001 - NÚMERO DE CONTROL
campo de control 40966
003 - IDENTIFICADOR DE NÚMERO DE CONTROL
campo de control ES-MaACL
005 - FECHA Y HORA DE LA ÚLTIMA TRANSACCIÓN
campo de control 20230906160340.0
007 - CAMPO FIJO DE DESCRIPCIÓN FÍSICA--INFORMACIÓN GENERAL
campo de control de longitud fija t|
008 - DATOS DE LONGITUD FIJA--INFORMACIÓN GENERAL
campo de control de longitud fija 030307s1943 ag ||||1| spa d
100 1# - ENTRADA PRINCIPAL--NOMBRE DE PERSONA
Nombre de persona Carlson, R.
9 (RLIN) 35312
245 10 - MENCIÓN DEL TÍTULO
Título Yo nací así /
Mención de responsabilidad, etc. Earl R. Carlson ; [versión castellana del inglés, por Marisa Luisiardo y Elsa Trinkle ; carátula de Sánchez].
260 ## - PUBLICACIÓN, DISTRIBUCIÓN, ETC.
Lugar de publicación, distribución, etc. Buenos Aires :
Nombre del editor, distribuidor, etc. Edit. Médico-quirúrgica,
Fecha de publicación, distribución, etc. [1943] (
Fabricante D. Junior)
300 ## - DESCRIPCIÓN FÍSICA
Extensión 214 p. ;
Dimensiones 21 cm.
700 1# - ENTRADA AGREGADA--NOMBRE PERSONAL
Nombre de persona Luisiardo, Marisa.
9 (RLIN) 74705
700 1# - ENTRADA AGREGADA--NOMBRE PERSONAL
Nombre de persona Trinkle, Elsa.
9 (RLIN) 111451
852 ## - LOCALIZACIÓN
Ubicación ES-MaACL
Número de control de estantería B-10780
Sublocalización o colección R.22066
Holdings
Estatus retirado Estado de pérdida Estado de daño No para préstamo Biblioteca de origen Biblioteca actual Ubicación en estantería Fecha de adquisición Fuente de adquisición Total de préstamos Signatura topográfica completa Código de barras Visto por última vez Precio de reemplazo Tipo de ítem Koha
        Biblioteca del Ateneo de Madrid Biblioteca del Ateneo de Madrid Sala Pardo Bazán 17/01/2008     B-10780 1043131 23/02/2023 23/02/2023 Libro impreso